Central Library OPAC University of Rajshahi

Computer handbook for senior management / (Record no. 15108)

MARC details
000 -LEADER
fixed length control field 00848pam a2200265 i 4500
001 - CONTROL NUMBER
control field 15108
003 - CONTROL NUMBER IDENTIFIER
rucl marc code BD-RjUL
005 - DATE AND TIME OF LATEST TRANSACTION
control field 20211208235742.0
008 - FIXED-LENGTH DATA ELEMENTS--GENERAL INFORMATION
fixed length control field 140209s1978 nyua b 001 0 eng
020 ## - INTERNATIONAL STANDARD BOOK NUMBER
International Standard Book Number 0024680303
035 ## - SYSTEM CONTROL NUMBER
System control number (BD-RjUL)15162
040 ## - CATALOGING SOURCE
Original cataloging agency DLC
Transcribing agency DLC
Modifying agency DLC
-- BD-RjUL
Language of cataloging eng
041 ## - LANGUAGE CODE
Language code of text/sound track or separate title eng
082 00 - DEWEY DECIMAL CLASSIFICATION NUMBER
Classification number 658.054
Author mark and year COM
110 2# - MAIN ENTRY--CORPORATE NAME
Corporate name or jurisdiction name as entry element Computer Research Group.
9 (RLIN) 47030
245 10 - TITLE STATEMENT
Title Computer handbook for senior management /
Statement of responsibility, etc. Douglas B. Hoyt [chairman] ; Computer Research Group.
260 ## - PUBLICATION, DISTRIBUTION, ETC. (IMPRINT)
Place of publication, distribution, etc. New York :
Name of publisher, distributor, etc. Macmillan Information,
Date of publication, distribution, etc. c1978.
300 ## - PHYSICAL DESCRIPTION
Pagination viii, 212 p. :
Illustrations ill. ;
Size 29 cm.
504 ## - BIBLIOGRAPHY, ETC. NOTE
Bibliography, etc Includes bibliographies and index.
650 #0 - SUBJECT ADDED ENTRY--TOPICAL TERM
Topical term or geographic name as entry element Electronic data processing departments
General subdivision Management.
9 (RLIN) 1329
700 1# - ADDED ENTRY--PERSONAL NAME
Personal name Hoyt, Douglas B.
942 ## - ADDED ENTRY ELEMENTS (KOHA)
Source of classification or shelving scheme Dewey Decimal Classification
Koha item type Books
Holdings
Lost status Source of classification or shelving scheme Damaged status Not for loan Collection code Permanent Location Current Location Shelving location Date acquired Source of acquisition Cost, normal purchase price Total Checkouts Full call number Date last seen Copy number Koha item type
  Dewey Decimal Classification   Not For Loan Non-fiction Central Library, University of Rajshahi Central Library, University of Rajshahi Reading Room 26/06/1989 Asia Foundation. 0.00   658.054 COM 1978 09/02/2014 C-1 Books